Las cooperativas como alternativa econm̤ica: Una visin̤ de Mx̌ico y Espaą /

Bibliographic Details
Main Author: Gadea Soler, Enrique
Other Authors: Atxabal Rada, Alberto, Izquierdo Muciǫ, Martha Elba
Format: eBook
Language:Spanish
Published: Madrid: Dykinson, 2014
Subjects:
Online Access:Acceso restringido

MARC

LEADER 00000nam a22000007a 4500
005 20141008234638.0
007 cr|||| ||||
008 141008s2014 es |||||s|||| 00||0 spa d
020 |a 978-84-9085-046-6 
035 |a 12423 
040 |a vLex 
090 |c 5195  |d 5195 
100 1 |a Gadea Soler, Enrique 
245 1 4 |a Las cooperativas como alternativa econm̤ica:  |h [Recurso electrn̤ico] :  |b Una visin̤ de Mx̌ico y Espaą /  |c Enrique Gadea Soler, Alberto Atxabal Rada, Martha Elba Izquierdo Muciǫ 
256 |a Servicio en ln̕ea 
260 |a Madrid:  |b Dykinson,  |c 2014 
300 |a 1 recurso electrn̤ico 
506 1 |a Disponible solo en los productos indicados  |d vLex Global  |d vLex Global (Academic Edition, excluding Law Schools)  |d vLex Global (U.S. Academic Edition, Law Schools)  |d vLex Global (U.S. Academic Edition, excluding Law Schools)  |d vLex Global (Academic Edition, Law Schools) 
650 0 4 |a Derecho Mercantil y de la Empresa  |z Espaą 
700 1 |a Atxabal Rada, Alberto 
700 1 |a Izquierdo Muciǫ, Martha Elba 
740 0 |a vLex Libros (Servicio en ln̕ea) 
856 4 0 |u http://vlex.com/source/cooperativas-alternativa-economica-vision-mexico-espa-a-12423  |z Acceso restringido 
942 |c BOOK 
999 0 |a Commercial Law and Business